Слабое влияние кислотности на дисперсность никелевых наночастиц; Функциональные материалы: разработка, исследование, применение

Podrobná bibliografie
Parent link:Функциональные материалы: разработка, исследование, применение.— 2017.— [С. 7]
Hlavní autor: Карепина Е. Е.
Korporativní autor: Национальный исследовательский Томский политехнический университет
Další autoři: Годымчук А. Ю. Анна Юрьевна (научный руководитель)
Shrnutí:Заглавие с экрана
Jazyk:ruština
Vydáno: 2017
Edice:Наноматериалы
Témata:
On-line přístup:http://earchive.tpu.ru/handle/11683/42701
Médium: Elektronický zdroj Kapitola
KOHA link:https://koha.lib.tpu.ru/cgi-bin/koha/opac-detail.pl?biblionumber=623782

MARC

LEADER 00000naa2a2200000 4500
001 623782
005 20250930153307.0
035 |a (RuTPU)RU\TPU\conf\22872 
035 |a RU\TPU\conf\22871 
090 |a 623782 
100 |a 20170907d2017 k y0rusy50 ca 
101 0 |a rus 
102 |a RU 
105 |a y z 101zy 
135 |a drgn ---uucaa 
181 0 |a i  
182 0 |a b 
200 1 |a Слабое влияние кислотности на дисперсность никелевых наночастиц  |f Е. Е. Карепина  |g науч. рук. А. Ю. Годымчук 
203 |a Текст  |c электронный 
225 1 |a Наноматериалы 
300 |a Заглавие с экрана 
320 |a [Библиогр.: с. 7 (2 назв.)] 
463 0 |0 (RuTPU)RU\TPU\conf\22867  |t Функциональные материалы: разработка, исследование, применение  |o сборник тезисов докладов IV Всероссийского конкурса научных докладов студентов, г. Томск, г. Тамбов, 23-24 мая 2017 г.  |f Национальный исследовательский Томский политехнический университет (ТПУ) ; Национальный исследовательский Томский государственный университет (ТГУ) ; Тамбовский государственный университет имени Г. Р. Державина ; ред. кол. А. Ю. Годымчук ; Н. И. Каракчеева ; А. А. Гусев  |v [С. 7]  |d 2017 
610 1 |a труды учёных ТПУ 
610 1 |a электронный ресурс 
610 1 |a нанотоксикология 
610 1 |a лазерная дифракция 
610 1 |a индуктивно-связанная плазма 
610 1 |a наночастицы 
610 1 |a нанопорошки 
700 1 |a Карепина  |b Е. Е. 
702 1 |a Годымчук  |b А. Ю.  |c специалист в области нанотехнологий и наноматериалов  |c доцент Томского политехнического университета, кандидат технических наук  |f 1978-  |g Анна Юрьевна  |4 727 
712 0 2 |a Национальный исследовательский Томский политехнический университет  |c (2009- )  |9 26305 
801 2 |a RU  |b 63413507  |c 20170925  |g RCR 
856 4 |u http://earchive.tpu.ru/handle/11683/42701 
942 |c BK